الزمن : (Record no. 14922)

MARC details
000 -الفاتح
حقل البيانات ثابتة الطول 01289nam a22003375a 4500
003 - محدد رقم الضبط
رقم الضبط OSt
005 - وقت وتاريخ اخر تعامل مع التسجيلة
رقم الضبط 20240818095900.0
008 - عناصر البيانات ثابتة الطول - معلومات عامة
حقل البيانات ثابتة الطول 110119s2007 ua a frb 000 0 ara d
017 ## - رقم الإيداع القانونى
رقم الإيداع القانونى 2007 / 3184
020 ## - الرقم الدولى المعيارى للكتب
الرقم الدولى المعيارى للكتاب 977091973X
040 ## - مصدر الفهرسة
وكالة الفهرسة الأصلية EG-ScBUE
لغة الفهرسة ara
وكالة النسخ EG-ScBUE
041 1# - رمز اللغة
رمز لغة النص/ المسارات الصوتية أو العنوان الانفرادي ara
رمز لغة الترجمات و/او الاصلية المتوسطة للنص eng
082 04 - رقم تصنيف ديوى العشرى
رقم التصنيف 529
رقم المادة ز و ي
رقم الطبعة 22
100 1# - المدخل الرئيسى - إسم شخصى
الإسم الشخصى زويل، أحمد،
التواريخ المصاحبة للاسم 1946-2016.
9 (RLIN) 17378
240 1# - العنوان الموحد
عنوان موحد Time's mysteries and miracles.
لغة العمل Arabic
245 12 - بيان العنوان
العنوان الزمن :
بقية العنوان محاضرات /
بيان المسئوليه,etc أحمد زويل ؛ ترجمة مصطفى محمود سليمان.
250 ## - بيان الطبعة
بيان الطبعة ط. 1.
260 ## - PUBLICATION, DISTRIBUTION, ETC. (IMPRINT)
مكان الناشر او الموزع القاهرة :
اسم الناشر او الموزع دار الشروق،
تاريخ النشر أو التوزيع 2007.
300 ## - الوصف المادى
التعداد 36 ص. :
تفاصيل ماديه اخرى للوعاء إيض. ؛
أبعاد الوعاء 20 سم.
336 ## - نوع المحتوى
source rdacontent
Carrier Type Term نص
Content Type Code txt
337 ## - نوع الوسيط
Media Type Term بدون وسيط
source rdamedia
Media Type Code n
338 ## - نوع الحامل أو الناقل
Carrier Type Term مجلد
Carrier Type Code nc
source rdacarrier
504 ## - تبصرة ببليوجرافية
تبصرة ببليوجرافية,الخ يشتمل على قائمة ببليوجرافية.
541 ## - تبصرة المصدر المباشر للتزويد
مصدر التزويد د. مصطفى محمود سليمان ؛
طريقة التزويد إهداء ؛
546 ## - تبصرة اللغة
تبصرة اللغة النص باللغة العربية ؛ مترجم من اللغة الإنجليزية.
650 #7 - المدخل الاضافى بالموضوع-مصطلح موضوعى
مصطلح موضوعي أو اسم جغرافي كعنصر مدخل الزمن
التقسيم الفرعي الشكلي مقالات ومحاضرات.
مصدر الرأس أو المصطلح BUEsh
651 ## - المدخل الاضافى بالموضوع - اسم جغرافى
مصدر الرأس أو المصطلح BUEsh
653 ## - مصطلح تكشيفى غير مقيد
Resource For college Generalities
Arrived date list December2017
700 1# - المدخل الاضافى - اسم شخصى
الإسم الشخصى سليمان، مصطفى محمود،
الدور مترجم.
9 (RLIN) 39456
942 ## - عناصر المدخل الإضافي( كوها)
مصدر التصنيف او مخطط الترفيف Dewey Decimal Classification
جزء التصنيف RDA-MOD
Holdings
حالة التراجع حالة الفقد مصدر التصنيف او خطة الترفيف حالة تلف ليس للاعارة مجموعات كوها المكان الدائم المكان الحالي موقع الترفيف تاريخ الاكتساب Source of acquisition رقم الاستدعاء الباركود Date last seen مُعار تبصرة غير عامة( المفوع للعناصر المفقوده) نوع الوعاء
    Dewey Decimal Classification     Donation-Gift Central Library Central Library First floor 19/01/2011 Donation 529 ز و ي 000022756 15/07/2025 12/11/2022 إهداء من دكتور مصطفى سليمان Book - Borrowing
    Dewey Decimal Classification     Donation-Gift Central Library Central Library First floor 19/12/2017 Donation 529 ز و ي 000042687 15/07/2025   إهداء من دكتور مصطفى سليمان Book - Borrowing
    Dewey Decimal Classification     Donation-Gift Central Library Central Library First floor 19/12/2017 Donation 529 ز و ي 000042688 15/07/2025   إهداء من دكتور مصطفى سليمان Book - Borrowing